Bienvenue à la Médiathèque de Saint-Andiol
banniere
Accueil Recherche avancée Mon compte
handi1 Rechercher dans le catalogue

Filtre   Mots-clés
  Recherche avancée
 
Lister les dernières nouveautés
 
Lister les livres GROS CARACTERES
 
Lister les périodiques (magazines)

handi1 Histoires de Cendrillon racontées dans le monde (Les)

<< Retourner aux résultats de la recherche
Book Cover
Autres auteurs : Gilles Bizouerne Fabienne Morel Peggy Nille
Titre : Histoires de Cendrillon racontées dans le monde (Les)
Support : Livres
Langue : Francais
Publié : 2007 Syros jeunesse Paris
Genre : Conte
Collection : Le tour du monde d'un conte
Sujets :
Étiquettes :
Pas de tags
LEADER 01249nam0a2200253 450
001 16868153
010 |a 978-2-7485-0572-6  |b Br.  |d 15 € 
100 |a 20071102d2007 u u0frey01 ba 
101 0 |a fre 
102 |a FR 
200 0 |a Histoires de Cendrillon racontées dans le monde (Les)  |f par Fabienne Morel et Gilles Bizouerne  |g illustrations de Peggy Nille 
207 1 |a   
210 |a Paris  |c Syros jeunesse  |d 2007 
215 |a 93 p.  |c illustrations en couleur  |d 29 x 22 cm 
225 1 |a Le tour du monde d'un conte 
300 |a Bibliogr. 
330 |a Un recueil qui a pour thème le conte merveilleux de Cendrillon. Un choix de six histoires, très différentes les unes des autres (venant de la Corse, de la Russie, de chez les Indiens Zuni, du Tibet, de l'Afrique et de l'Allemagne), qui portent pourtant les mêmes sens profonds : faire le deuil de sa mère, acquérir la féminité... Inclut la version intégrale écrite par les frères Grimm. 
500 0 0 |a Cendrillon 
702 0 |a Bizouerne  |b Gilles  |f 1978-....  |4 10 
702 0 |a Morel  |b Fabienne  |4 10 
702 0 |a Nille  |b Peggy  |f 1972-....  |4 440 
900 |a Conte 
901 |a Jeunesse 
995 |a Médiathèque  |c Médiathèque  |f 00156006213045  |h 00156006213045  |k C MOR  |o p  |q j  |r az  |e Médiathèque